Normal view MARC view
  • Tariq, Syeda Sidra

Entry Personal Name

Number of records used in: 1

001 - CONTROL NUMBER

  • control field: 132737

003 - CONTROL NUMBER IDENTIFIER

  • control field: NUST

005 - DATE AND TIME OF LATEST TRANSACTION

  • control field: 20260107111846.0

008 - FIXED-LENGTH DATA ELEMENTS

  • fixed length control field: 260107|| aca||aabn | a|a d

040 ## - CATALOGING SOURCE

  • Original cataloging agency: NUST
  • Transcribing agency: NUST

100 ## - HEADING--PERSONAL NAME

  • Personal name: Tariq, Syeda Sidra

670 ## - SOURCE DATA FOUND

  • Source citation: Work cat.: (NUST): Tariq, Syeda Sidra, DenseSort: A Gas-Efficient Sorting Algorithm for Ethereum Smart Contracts/
© 2023 Central Library, National University of Sciences and Technology. All Rights Reserved.